| 000 | 00406nam a22001457a 4500 | ||
|---|---|---|---|
| 008 | 250709b |||||||| |||| 00| 0 eng d | ||
| 020 | _a9780764525247 | ||
| 050 |
_aPE1483 _b.B59 |
||
| 100 | _aBLV, Roberts .W | ||
| 245 | _aWebsters new world Letter writting hand book | ||
| 260 |
_aIndiana Polis _bWiley Publishing, Inc _c2004 |
||
| 300 | _aXvi, 584p. | ||
| 650 | _aLetter writing handbook | ||
| 942 | _cBK | ||
| 999 |
_c4230 _d4230 |
||